NBA Year in Review: 2003–04 - Statistics

General Stats
  • This quiz has been taken 65 times
  • The average score is 7 of 14
Answer Stats
Hint Answer % Correct
Rookie of the Year LeBron James
98%
All-Star Game MVP Shaquille O'Neal
85%
Finals MVP Chauncey Billups
79%
Most Valuable Player Kevin Garnett
79%
Rebounds Per Game Leader Kevin Garnett
79%
Assists Per Game Leader Jason Kidd
66%
Triple-Doubles Leader Jason Kidd
66%
Points Per Game Leader Tracy McGrady
66%
Defensive Player of the Year Ron Artest
46%
Blocks Per Game Leader Theo Ratliff
21%
Sixth Man of the Year Antawn Jamison
15%
Coach of the Year Hubie Brown
10%
Most Improved Player Zach Randolph
10%
Steals Per Game Leader Baron Davis
5%
No matching quizzes found
Score Distribution
Percent of People with Each Score
Percentile by Number Answered
Your Score History
You have not taken this quiz